header

Creative organization theory : (Record no. 266449)

MARC details
000 -LEADER
fixed length control field 01507cam a2200409 a 4500
001 - CONTROL NUMBER
control field 549204
003 - CONTROL NUMBER IDENTIFIER
control field OSt
005 - DATE AND TIME OF LATEST TRANSACTION
control field 20260623124037.0
008 - FIXED-LENGTH DATA ELEMENTS--GENERAL INFORMATION
fixed length control field 880822s1989 caua b 000 0 eng
010 ## - LIBRARY OF CONGRESS CONTROL NUMBER
LC control number 88028288
020 ## - INTERNATIONAL STANDARD BOOK NUMBER
International Standard Book Number 0803934440
International Standard Book Number 0803934386
Qualifying information pbk.
International Standard Book Number 9780803934443
International Standard Book Number 9780803934382
Qualifying information (pbk.)
035 ## - SYSTEM CONTROL NUMBER
System control number 549204
040 ## - CATALOGING SOURCE
Original cataloging agency DLC
Transcribing agency DLC
Modifying agency DLC
050 00 - LIBRARY OF CONGRESS CALL NUMBER
Classification number HD31
Item number .M6278 1989
082 00 - DEWEY DECIMAL CLASSIFICATION NUMBER
Classification number 658.4
Edition number 19
100 1# - MAIN ENTRY--PERSONAL NAME
Personal name Morgan, Gareth,
Dates associated with a name 1943-
245 10 - TITLE STATEMENT
Title Creative organization theory :
Remainder of title a resourcebook /
Statement of responsibility, etc Gareth Morgan.
260 ## - PUBLICATION, DISTRIBUTION, ETC. (IMPRINT)
Place of publication, distribution, etc Newbury Park, Calif. :
Name of publisher, distributor, etc Sage Publications,
Date of publication, distribution, etc c1989.
300 ## - PHYSICAL DESCRIPTION
Extent 369 p. :
Other physical details ill. ;
Dimensions 24 cm.
336 ## - CONTENT TYPE
Content type term text
Content type code txt
Source rdacontent
337 ## - MEDIA TYPE
Media type term unmediated
Media type code n
Source rdamedia
338 ## - CARRIER TYPE
Carrier type term volume
Carrier type code nc
Source rdacarrier
504 ## - BIBLIOGRAPHY, ETC. NOTE
Bibliography, etc Includes bibliographies.
650 #0 - SUBJECT ADDED ENTRY--TOPICAL TERM
Topical term or geographic name as entry element Organization.
Topical term or geographic name as entry element Organizational behavior.
Topical term or geographic name as entry element Management.
856 42 - ELECTRONIC LOCATION AND ACCESS
Materials specified Publisher description
Uniform Resource Identifier <a href="http://www.loc.gov/catdir/enhancements/fy0655/88028288-d.html">http://www.loc.gov/catdir/enhancements/fy0655/88028288-d.html</a>
Materials specified Table of contents only
Uniform Resource Identifier <a href="http://www.loc.gov/catdir/enhancements/fy0655/88028288-t.html">http://www.loc.gov/catdir/enhancements/fy0655/88028288-t.html</a>
Materials specified Contributor biographical information
Uniform Resource Identifier <a href="http://www.loc.gov/catdir/enhancements/fy0734/88028288-b.html">http://www.loc.gov/catdir/enhancements/fy0734/88028288-b.html</a>
906 ## - LOCAL DATA ELEMENT F, LDF (RLIN)
a 7
b cbc
c orignew
d 1
e ocip
f 19
g y-gencatlg
942 ## - ADDED ENTRY ELEMENTS (KOHA)
Source of classification or shelving scheme Library of Congress Classification
Koha item type Long Loan Books
Holdings
Withdrawn status Lost status Source of classification or shelving scheme Damaged status Not for loan Collection code Home library Current library Shelving location Date acquired Total Checkouts Full call number Barcode Date last seen Price effective from Koha item type
    Library of Congress Classification     Non-fiction Rongo University Library Rongo University Library General Stacks 23/06/2026   HD31 .M6278 1989 20262107 23/06/2026 23/06/2026 Long Loan Books

© 2026 Rongo University
Contact us: librarian | system librarian | Rongo university